| 000 | 00347nam a2200133Ia 4500 | ||
|---|---|---|---|
| 008 | 190216s9999||||xx |||||||||||||| ||und|| | ||
| 100 | _aRussell L Ackoff & Maurice W Sasieni | ||
| 245 | 0 | _aFundamenatals Of Operations Research | |
| 250 | _aFIRST | ||
| 260 |
_bWiley Eastern Ltd _c1991 |
||
| 300 | _a455 | ||
| 650 | _aMathematics | ||
| 942 | _cBK | ||
| 999 |
_c31187 _d31187 |
||